• 首页
  • 本馆介绍
  • 公告通知
  • 最新文献
  • 馆藏检索
  • 电子资源
  • 读者荐购
  • 参考咨询
  • CALIS
  • 我的图书馆
  • 登录
  • 详细信息显示
  • 放入我的书架
  • 预约/预借图书
  • 作者相关作品
  • 分类相关作品
  • 丛书相关作品
  • 出版社相关作品

书目信息

  • 表格格式
  • 工作单格式
  • 卡片格式
题名:
中国儿童文学译介与传播研究
    
 
作者: 徐德荣 , 安风静 著
分册:  
出版信息: 北京   外语教学与研究出版社  2025.09
页数: 258页
开本: 20cm
丛书名: "翻译中国 " 研究丛书. 文学翻译系列
单 册:
中图分类: I207.8
科图分类:
主题词: 文学--中国
电子资源:
ISBN: 978-7-5213-6677-8
 
 
 
 
 
000 00857nam0 2200241 450
001 2656898556
005 20260615155114.42
010    @a978-7-5213-6677-8@dCNY49.90
100    @a20260615d2025 km y0chiy0120 ea
101 0  @achi
102    @aCN@b110000
200 1  @a中国儿童文学译介与传播研究@AZhong Guo Er Tong Wen Xue Yi Jie Yu Chuan Bo Yan Jiu@f徐德荣, 安风静著@FXu De Rong,An Feng Jing Zhu
210    @a北京@c外语教学与研究出版社@d2025.09
215    @a258页@d20cm
225 2  @a"翻译中国 " 研究丛书. 文学翻译系列
410  0 @12001 @a"翻译中国 " 研究丛书. 文学翻译系列
510 1  @a= The overseas translation and reception of Chinese children's literature
606 0  @a文学@x中国
690    @aI207.8@v4
701  0 @a徐德荣@AXu De Rong@4著
701  0 @a安风静@AAn Feng Jing@4著
801  0 @aCN@b河南城建学院图书馆@c20260615
905    @dI207.8@eX695
    
    中国儿童文学译介与传播研究/徐德荣, 安风静著.-北京:外语教学与研究出版社,2025.09
    258页;20cm.-("翻译中国 " 研究丛书. 文学翻译系列)
    
    
    ISBN 978-7-5213-6677-8:CNY49.90
    
●
相关链接 在E读中查询图书 在当当中查询图书 在豆瓣中查询图书


正题名:中国儿童文学译介与传播研究     索取号:I207.8/X695         预约/预借

序号 登录号 条形码 馆藏地/架位号 状态 备注
1 1556980   215569800   外国语学院资料室/ [索取号:I207.8/X695] 在馆    
河南城建学院图书馆 欢迎您!
大连网信软件有限公司© 版权所有